000 00860nam a2200229 a 4500
001 000035071
005 20200930074103.0
008 111024s1955 ag 000 0 spa d
040 _aDO-SdBNP
_bspa
_cBNPHU
082 _a152.3
_bP964a
100 1 _aProlov, Y. P.
_960721
245 1 3 _aLa actividad cerebral :
_bestado actual de la teoría de Pavlov /
_cY. P. Prolov ; prólogo y traducción por Emilio Mira y López.
260 _aBuenos Aires :
_bPsique,
_c1955.
300 _a268 p. ;
_c21 cm.
590 _aPerteneció a la biblioteca personal de Juan Isidro Jimenes-Grullón
600 1 4 _aPAVLOV, IVAN PETROVICH,
_d1849-1936
_xTEORIAS
_960722
650 4 _aCerebro
_xFisiología
_960355
650 4 _aRespuesta condicionada
_960723
700 1 2 _aMira y López, Emilio,
_epról. , tr.
_960684
910 _aValidado. Control de calidad MFF
049 _aBNGR
999 _c34562
_d34562